Asamblea conjunta Obispos-Sacerdotes / (Record no. 171411)

MARC details
000 -LEADER
campo de control de longitud fija 00953nam a2200217 i 4500
001 - NÚMERO DE CONTROL
campo de control 171411
003 - IDENTIFICADOR DE NÚMERO DE CONTROL
campo de control ES-MaACL
005 - FECHA Y HORA DE LA ÚLTIMA TRANSACCIÓN
campo de control 20250830030621.0
008 - DATOS DE LONGITUD FIJA--INFORMACIÓN GENERAL
campo de control de longitud fija 090514s1971 sp |||| | spa d
017 ## - NÚMERO DE COPYRIGHT O DE DEPÓSITO LEGAL
Número de copyright o de depósito legal M 26841-1971
111 2# - ENTRADA PRINCIPAL--NOMBRE DE CONGRESO/REUNIÓN
Nombre de congreso/reunión o jurisdicción como elemento de entrada Asamblea Conjunta de Obispos y Sacerdotes
Fecha del congreso o de la firma del tratado (1971.
Sede del congreso/Lugar de la reunión Madrid)
9 (RLIN) 8
245 10 - MENCIÓN DEL TÍTULO
Título Asamblea conjunta Obispos-Sacerdotes /
Mención de responsabilidad, etc. edición preparada por el Secretariado nacional del Clero.
260 ## - PUBLICACIÓN, DISTRIBUCIÓN, ETC.
Lugar de publicación, distribución, etc. Madrid :
Nombre del editor, distribuidor, etc. [La Editorial Católica],
Fecha de publicación, distribución, etc. 1971.
300 ## - DESCRIPCIÓN FÍSICA
Extensión XXXVIII, 1 h., 747 p. ;
Dimensiones 20 cm.
490 1# - MENCIÓN DE SERIE
Mención de serie Biblioteca de autores cristianos ;
Designación de volumen o secuencia 328
505 8# - NOTA DE CONTENIDO CON FORMATO
Nota de contenido con formato Contiene : Historia de la Asamblea ; Discursos ; Texto íntegro de todas las ponencias ; Proposiciones ; Conclusiones ; Apéndices
710 2# - ENTRADA AGREGADA--NOMBRE DE ENTIDAD CORPORATIVA
Nombre de entidad corporativa o nombre de jurisdicción como elemento de entrada Conferencia Episcopal Española.
Unidad subordinada Secretariado Nacional del Clero
9 (RLIN) 140127
830 00 - PUNTO DE ACCESO ADICIONAL DE SERIE-TÍTULO UNIFORME
Título uniforme Biblioteca de autores cristianos
Designación de volumen o secuencia 328
9 (RLIN) 178679
852 ## - LOCALIZACIÓN
Ubicación ES-MaACL
Número de control de estantería J-321
itemnumber R.46092
Holdings
Estatus retirado Estado de pérdida Estado de daño No para préstamo Biblioteca de origen Biblioteca actual Ubicación en estantería Fecha de adquisición Fuente de adquisición Total de préstamos Signatura topográfica completa Código de barras Visto por última vez Precio de reemplazo Tipo de ítem Koha
        Biblioteca del Ateneo de Madrid Biblioteca del Ateneo de Madrid Depósito 2 14/05/2009     J-321 1179888 23/02/2023 23/02/2023 Libro impreso